[Event "ESP-ch U18"]
[Site "Salobrena"]
[Date "2019.07.26"]
[Round "8"]
[White "Marti Olivella, Gerard"]
[Black "Rivero Pena, Gara del Pino"]
[Result "1-0"]
[WhiteElo "1884"]
[BlackElo "1720"]
[PlyCount "49"]
[EventDate "2019.07.22"]
[EventType "swiss"]
[EventRounds "9"]
[EventCountry "ESP"]
[SourceTitle "CBM 191 Extra"]
[Source "ChessBase"]
[SourceDate "2019.09.30"]
[SourceVersion "1"]
[SourceVersionDate "2019.09.30"]
[SourceQuality "1"]

1. e4 e6 2. d4 d5 3. exd5 exd5 4. Nf3 Bd6 5. Bd3 Nf6 6. 0-0 0-0 7. Bg5 Bg4 8. Nbd2 c6 9. c3 Nbd7 10. Qc2 Qc7 11. Rfe1 h6 12. Bh4 Rfe8 13. h3 Bxf3 14. Bxf6 Bh2+ 15. Kh1 Bxg2+ 16. Kxg2 Nxf6 17. Nf3 Bd6 18. Rg1 Nh5 19. Kh1 Nf4 20. Bf5 Re2 21. Bh7+ Kh8 22. Qf5 Rxf2 23. Rxg7 Kxg7 24. Rg1+ Kh8 25. Qf6+ 1-0

[Event "ESP-ch U18"]
[Site "Salobrena"]
[Date "2019.07.25"]
[Round "6"]
[White "Guardiola Guillot, Lucas"]
[Black "Rivero Pena, Gara del Pino"]
[Result "0-1"]
[WhiteElo "1980"]
[BlackElo "1720"]
[PlyCount "92"]
[EventDate "2019.07.22"]
[EventType "swiss"]
[EventRounds "9"]
[EventCountry "ESP"]
[SourceTitle "CBM 191 Extra"]
[Source "ChessBase"]
[SourceDate "2019.09.30"]
[SourceVersion "1"]
[SourceVersionDate "2019.09.30"]
[SourceQuality "1"]

1. Nf3 e6 2. c4 f5 3. Nc3 Nf6 4. g3 c6 5. Bg2 d5 6. d4 Bd6 7. 0-0 0-0 8. a3 Ne4 9. Qc2 Qe7 10. b4 Nd7 11. Bd2 Nxd2 12. Nxd2 Nf6 13. cxd5 exd5 14. e3 Bd7 15. Nb3 Ne4 16. Nc5 Be8 17. Rfc1 Bh5 18. Rab1 Ng5 19. Qd3 b6 20. Na6 Nf3+ 21. Kh1 Qg5 22. Ne2 Rf6 23. Ng1 Nxh2 24. Kxh2 Rh6 25. Bh3 Bg4 26. Kg2 Qh5 27. Bxg4 Qh2+ 28. Kf1 Bxg3 29. Rc2 fxg4 30. f4 Qh1 31. Rg2 Rh3 32. Qf5 h5 33. Qe6+ Kh8 34. Qxc6 Rf8 35. Qd6 Re8 36. Rc1 Bxf4 37. exf4 Rf3+ 38. Rf2 Rxf2+ 39. Kxf2 Qe4 40. Rf1 Qxd4+ 41. Kg2 Qe4+ 42. Kh2 Qc2+ 43. Kh1 Qe4+ 44. Kh2 Qc2+ 45. Kg3 Qd3+ 46. Kg2 Qe4+ 0-1

[Event "Liga Insular Gran Canaria 1a Descenso"]
[Site "Las Palmas"]
[Date "2019.06.08"]
[Round "3.4"]
[White "Rivero Pena, Gara del Pino"]
[Black "Garcia Almeida, Valeria"]
[Result "1-0"]
[WhiteElo "1590"]
[BlackElo "1371"]
[PlyCount "69"]
[EventDate "2019.05.25"]
[EventType "team-tourn"]
[EventRounds "3"]
[EventCountry "ESP"]
[SourceTitle "EXT 2021"]
[Source "ChessBase"]
[SourceDate "2020.10.23"]
[SourceVersion "1"]
[SourceVersionDate "2020.10.23"]
[SourceQuality "1"]
[WhiteTeam "Panaderia Pulido San Mateo II"]
[BlackTeam "Grandama II"]
[WhiteTeamCountry "ESP"]
[BlackTeamCountry "ESP"]

1. e4 c5 2. d4 cxd4 3. Qxd4 Nc6 4. Qd1 g6 5. Nf3 Bg7 6. Bc4 Nf6 7. Nc3 0-0 8. h3 Rb8 9. Be3 a6 10. a3 b5 11. Ba2 a5 12. e5 Ne8 13. Bf4 d6 14. 0-0 Ba6 15. Re1 dxe5 16. Qxd8 Rxd8 17. Nxe5 Nxe5 18. Bxe5 Nf6 19. Bc7 Rd2 20. Rxe7 b4 21. axb4 axb4 22. Na4 Rxc2 23. Bd6 Bc4 24. Rc7 Nd5 25. Rxc4 Rxc4 26. Bxc4 Rd8 27. Bg3 Ne7 28. Re1 Nf5 29. Be5 Ra8 30. Bxg7 Kxg7 31. b3 Nd6 32. Bd5 Ra7 33. Nb6 Ra5 34. Bc4 Nxc4 35. Nxc4 1-0

[Event "Liga Insular Gran Canaria 2b"]
[Site "Las Palmas"]
[Date "2019.05.18"]
[Round "8.1"]
[White "Garcia Piqueras, Rufino"]
[Black "Rivero Pena, Gara del Pino"]
[Result "0-1"]
[WhiteElo "1608"]
[BlackElo "1590"]
[PlyCount "138"]
[EventDate "2019.03.02"]
[EventType "team-tourn"]
[EventRounds "10"]
[EventCountry "ESP"]
[SourceTitle "EXT 2021"]
[Source "ChessBase"]
[SourceDate "2020.10.23"]
[SourceVersion "1"]
[SourceVersionDate "2020.10.23"]
[SourceQuality "1"]
[WhiteTeam "Fundacion La Caja de Canarias IV"]
[BlackTeam "Panaderia Pulido San Mateo III"]
[WhiteTeamCountry "ESP"]
[BlackTeamCountry "ESP"]

1. e4 e6 2. d4 d5 3. exd5 exd5 4. Bd3 Bd6 5. Nf3 Nf6 6. 0-0 0-0 7. Re1 Bg4 8. Nbd2 c6 9. Nf1 Qb6 10. c3 Nbd7 11. Ne3 Rfe8 12. Nxg4 Nxg4 13. h3 Ngf6 14. Qc2 Rxe1+ 15. Nxe1 Re8 16. Be3 Qc7 17. Nf3 Ne4 18. c4 Ndf6 19. cxd5 cxd5 20. Qxc7 Bxc7 21. Rc1 Bb6 22. Bb5 Rd8 23. Ne5 Nd6 24. Bd3 Re8 25. Kf1 Nfe4 26. a3 f6 27. Nd7 Bd8 28. Nc5 Ng3+ 29. Kg1 b6 30. Na6 Ndf5 31. Bf4 Ne2+ 32. Bxe2 Rxe2 33. Rc8 Re1+ 34. Kh2 Re8 35. Nc7 Bxc7 36. Rxe8+ Kf7 37. Bxc7 Kxe8 38. Bb8 a6 39. Bc7 Nxd4 40. Bxb6 Nb3 41. Kg3 Kd7 42. Kf3 Kc6 43. Ba7 Kb5 44. Ke2 Kc4 45. Bb6 d4 46. Ba7 d3+ 47. Kd1 f5 48. Bb6 g5 49. Be3 g4 50. hxg4 fxg4 51. Bh6 Kd4 52. Bg7+ Ke4 53. Bh6 Kf5 54. Bf8 Kf6 55. Bh6 Kg6 56. Bf8 h5 57. Be7 Kf7 58. Bh4 a5 59. Bd8 a4 60. Bh4 Ke6 61. Bg5 Kd5 62. Bf6 Kc4 63. Be5 h4 64. f4 gxf3 65. gxf3 h3 66. Bg3 Kd4 67. Bf2+ Ke5 68. Bg3+ Kf5 69. Bh2 Nd4 0-1

[Event "Liga Insular Gran Canaria 2b"]
[Site "Las Palmas"]
[Date "2019.05.11"]
[Round "7.1"]
[White "Rivero Pena, Gara del Pino"]
[Black "Julien Casteleiro, Ariel"]
[Result "1/2-1/2"]
[WhiteElo "1590"]
[BlackElo "1664"]
[PlyCount "98"]
[EventDate "2019.03.02"]
[EventType "team-tourn"]
[EventRounds "10"]
[EventCountry "ESP"]
[SourceTitle "EXT 2021"]
[Source "ChessBase"]
[SourceDate "2020.10.23"]
[SourceVersion "1"]
[SourceVersionDate "2020.10.23"]
[SourceQuality "1"]
[WhiteTeam "Panaderia Pulido San Mateo III"]
[BlackTeam "Hotel Avda de Canarias IV"]
[WhiteTeamCountry "ESP"]
[BlackTeamCountry "ESP"]

1. e4 e5 2. Nf3 Nf6 3. Bc4 Bc5 4. Nc3 Nc6 5. d3 d6 6. Bg5 h6 7. Bh4 g5 8. Bg3 Bg4 9. Qd2 Bxf3 10. gxf3 Nd4 11. Qd1 a6 12. h4 Nh7 13. Nd5 c6 14. Ne3 Qb6 15. c3 Ne6 16. Qd2 0-0-0 17. Nf5 Qc7 18. d4 Ba7 19. 0-0-0 Nf4 20. Nxh6 d5 21. Bb3 f6 22. Nf5 c5 23. Kb1 c4 24. Bc2 Bb6 25. Bxf4 gxf4 26. Rhg1 Rd7 27. Ba4 Rf7 28. dxe5 fxe5 29. Qxd5 Kb8 30. Nd6 Re7 31. Nf5 Nf6 32. Qd2 Reh7 33. Qd6 Qxd6 34. Rxd6 Bxf2 35. Rf1 Bxh4 36. Nxh4 Rxh4 37. Rxf6 Rh2 38. Re6 b5 39. Bd1 Rd8 40. Bc2 Rdd2 41. Rc1 Rhf2 42. Rxe5 Rxf3 43. Rd5 Rh2 44. e5 Re3 45. Rf1 Ree2 46. Bf5 Rxb2+ 47. Kc1 Rxa2 48. e6 Rhe2 49. Kd1 Reb2 1/2-1/2

[Event "Liga Insular Gran Canaria 2b"]
[Site "Las Palmas"]
[Date "2019.03.02"]
[Round "1.1"]
[White "Quesada Mederos, Victoriano"]
[Black "Rivero Pena, Gara del Pino"]
[Result "0-1"]
[WhiteElo "1442"]
[BlackElo "1590"]
[PlyCount "88"]
[EventDate "2019.03.02"]
[EventType "team-tourn"]
[EventRounds "10"]
[EventCountry "ESP"]
[SourceTitle "EXT 2021"]
[Source "ChessBase"]
[SourceDate "2020.10.23"]
[SourceVersion "1"]
[SourceVersionDate "2020.10.23"]
[SourceQuality "1"]
[WhiteTeam "Sociedad La Montana IV"]
[BlackTeam "Panaderia Pulido San Mateo III"]
[WhiteTeamCountry "ESP"]
[BlackTeamCountry "ESP"]

1. e4 e6 2. Nc3 d5 3. d4 Bb4 4. e5 c5 5. Nf3 Nc6 6. Bb5 Bd7 7. Bxc6 Bxc6 8. a4 Ne7 9. Bg5 Qc7 10. Qd3 Nf5 11. g4 cxd4 12. gxf5 dxc3 13. bxc3 Ba5 14. fxe6 fxe6 15. 0-0 0-0 16. Bh4 h6 17. Bg3 Qf7 18. Nd4 Be8 19. f4 Rc8 20. Ra3 Qe7 21. Rb3 Bxa4 22. Rb2 Bxc3 23. Ra2 Bxd4+ 24. Qxd4 Bxc2 25. Rxa7 Be4 26. Be1 Qf7 27. Qe3 Rc2 28. Rf2 Rfc8 29. Bd2 Qh5 30. Ra1 Rb2 31. Qg3 Rcc2 32. Be1 Rxf2 33. Bxf2 Rd2 34. h3 Rd3 35. Qg4 Qf7 36. h4 Bf5 37. Qe2 Rh3 38. h5 Be4 39. Kf1 Bd3 40. f5 Bxe2+ 41. Kxe2 Qxf5 42. Ra8+ Kh7 43. Be3 Qxh5+ 44. Kd3 Qd1+ 0-1

[Event "Las Palmas Senora de Los Dolores 3rd"]
[Site "Las Palmas"]
[Date "2018.10.26"]
[Round "2.3"]
[White "Blanco Garcia Bajo, David"]
[Black "Rivero Pena, Gara del Pino"]
[Result "0-1"]
[WhiteElo "1098"]
[BlackElo "1661"]
[PlyCount "72"]
[EventDate "2018.10.23"]
[EventType "swiss"]
[EventRounds "7"]
[EventCountry "ESP"]
[SourceTitle "EXT 2024"]
[Source "ChessBase"]
[SourceDate "2023.10.10"]
[SourceVersion "1"]
[SourceVersionDate "2023.10.10"]
[SourceQuality "1"]

1. e4 c6 2. c4 d5 3. cxd5 cxd5 4. exd5 Qxd5 5. Nc3 Qa5 6. Nf3 Nf6 7. g3 Nc6 8. d4 e6 9. Bg2 Bd6 10. Bd2 Qb6 11. Qa4 Bd7 12. Qc4 Rc8 13. Nb5 Bb8 14. Be3 Na5 15. Qb4 Qxb5 16. Qxb5 Bxb5 17. Ne5 0-0 18. a4 Bc6 19. 0-0 Bxg2 20. Kxg2 Nd5 21. Bd2 Nb3 22. Rad1 Nxd4 23. Bf4 Nxf4+ 24. gxf4 Rfd8 25. Rc1 Ne2 26. Rxc8 Rxc8 27. Kf3 Nxf4 28. Kxf4 f6 29. Re1 Bxe5+ 30. Rxe5 fxe5+ 31. Kxe5 Kf7 32. f4 Rc2 33. f5 exf5 34. Kxf5 Rxh2 35. b4 h5 36. Kf4 Rg2 0-1

[Event "Canarias-chT"]
[Site "Vecindario"]
[Date "2018.06.01"]
[Round "3.2"]
[White "Marrero Lopez, Agustin"]
[Black "Rivero Pena, Gara del Pino"]
[Result "0-1"]
[WhiteElo "1805"]
[BlackElo "1621"]
[PlyCount "96"]
[EventDate "2018.05.31"]
[EventType "team-swiss"]
[EventRounds "6"]
[EventCountry "ESP"]
[SourceTitle "EXT 2019"]
[Source "ChessBase"]
[SourceDate "2018.10.10"]
[SourceVersion "1"]
[SourceVersionDate "2018.10.10"]
[SourceQuality "1"]
[WhiteTeam "Maspalomas"]
[BlackTeam "Panaderia Pulido San Mateo"]
[WhiteTeamCountry "ESP"]
[BlackTeamCountry "ESP"]

1. d4 Nf6 2. c4 c5 3. d5 e6 4. Nc3 exd5 5. cxd5 d6 6. Bg5 g6 7. Nf3 Bg7 8. h3 0-0 9. e4 Re8 10. Bd3 Nbd7 11. 0-0 a6 12. Qd2 b5 13. Rfe1 Qb6 14. Rab1 Bb7 15. a3 Ne5 16. Nxe5 Rxe5 17. Bc2 Nd7 18. f4 Ree8 19. Kh1 Rac8 20. Ne2 Nf6 21. Ng3 Nd7 22. Bd1 Ra8 23. Bg4 Nf6 24. Bf3 Nd7 25. f5 Be5 26. Bf4 Bf6 27. Bg5 Be5 28. Bh4 Bg7 29. Rf1 a5 30. Bg5 Bc8 31. h4 h5 32. Bh6 Bf6 33. Bg5 Bg7 34. fxg6 fxg6 35. Nxh5 gxh5 36. Bxh5 Rf8 37. Bh6 Qd8 38. Rxf8+ Nxf8 39. Qf4 Qf6 40. Rf1 Qxh6 41. g4 Qxf4 42. Rxf4 Ra7 43. g5 Bxb2 44. Be8 b4 45. axb4 axb4 46. h5 b3 47. g6 Be5 48. Rh4 b2 0-1

[Event "Gran Canaria Cabildo op"]
[Site "Gran Canaria"]
[Date "2018.03.06"]
[Round "1"]
[White "Cruz Pino, Adrian"]
[Black "Rivero Pena, Gara del Pino"]
[Result "1-0"]
[WhiteElo "2148"]
[BlackElo "1644"]
[PlyCount "67"]
[EventDate "2018.03.06"]
[EventType "swiss"]
[EventRounds "7"]
[EventCountry "ESP"]
[SourceTitle "CBM 183 Extra"]
[Source "ChessBase"]
[SourceDate "2018.04.19"]
[SourceVersion "1"]
[SourceVersionDate "2018.04.19"]
[SourceQuality "1"]

1. e4 c6 2. Nc3 d5 3. Nf3 dxe4 4. Nxe4 Nf6 5. Ng3 Bg4 6. h3 Bxf3 7. Qxf3 e6 8. Qb3 Qc7 9. d4 Bd6 10. Bg5 Nbd7 11. 0-0-0 0-0 12. Kb1 b5 13. Qf3 a5 14. Bd3 a4 15. Rhe1 Ra7 16. c3 Rc8 17. Ne4 Be7 18. g4 Qa5 19. Bc1 b4 20. c4 b3 21. a3 Rb7 22. g5 Ne8 23. h4 Nf8 24. h5 Qb6 25. Be3 Qc7 26. Rh1 Qb8 27. g6 f6 28. gxh7+ Nxh7 29. Nc5 Bxc5 30. dxc5 Qe5 31. Bd4 Ng5 32. Qg4 Qc7 33. f4 Nf7 34. h6 1-0

[Event "Gran Canaria Fiestas Dolores 2nd"]
[Site "Gran Canaria"]
[Date "2017.09.13"]
[Round "5"]
[White "Rivero Pena, Gara del Pino"]
[Black "Ramos Santana, Marcelino"]
[Result "1-0"]
[WhiteElo "1605"]
[BlackElo "1926"]
[PlyCount "41"]
[EventDate "2017.09.04"]
[EventType "swiss"]
[EventRounds "6"]
[EventCountry "ESP"]
[SourceTitle "CBM 180 Extra"]
[Source "ChessBase"]
[SourceDate "2017.10.06"]
[SourceVersion "1"]
[SourceVersionDate "2017.10.06"]
[SourceQuality "1"]

1. e4 e6 2. d4 d5 3. Nc3 Nf6 4. Bg5 Be7 5. e5 Nfd7 6. h4 a6 7. Qg4 Bxg5 8. hxg5 c5 9. Nf3 cxd4 10. Qxd4 Nc6 11. Qf4 Qc7 12. 0-0-0 b6 13. Re1 Nc5 14. Nd4 Nxd4 15. Qxd4 Bd7 16. f4 g6 17. g4 Rc8 18. Rh2 b5 19. Kb1 Rb8 20. Nxd5 exd5 21. e6 1-0

[Event "Las Palmas Cabildo op"]
[Site "Las Palmas"]
[Date "2017.03.21"]
[Round "4"]
[White "Rivero Pena, Gara del Pino"]
[Black "Cano Aguero, Francisco"]
[Result "1-0"]
[WhiteElo "1515"]
[BlackElo "1286"]
[PlyCount "71"]
[EventDate "2017.03.10"]
[EventType "swiss"]
[EventRounds "7"]
[EventCountry "ESP"]
[SourceTitle "EXT 2018"]
[Source "ChessBase"]
[SourceDate "2017.10.13"]
[SourceVersion "1"]
[SourceVersionDate "2017.10.13"]
[SourceQuality "1"]

1. e4 e5 2. Nf3 Nf6 3. Nxe5 d6 4. Nf3 Nxe4 5. Bc4 d5 6. Qe2 Be7 7. d3 Nf6 8. Bb3 Nc6 9. 0-0 Bg4 10. Be3 0-0 11. Nbd2 Re8 12. Qd1 Bd6 13. Bg5 Be5 14. Qc1 Qd6 15. Nxe5 Qxe5 16. Bxf6 gxf6 17. Re1 Qd4 18. Rxe8+ Rxe8 19. Nf1 Qc5 20. Ne3 Be6 21. Qd1 Nd4 22. Ba4 b5 23. Bb3 a5 24. c3 Nxb3 25. axb3 d4 26. cxd4 Qxd4 27. Qc2 c5 28. Rxa5 Qb4 29. Ra3 Qe1+ 30. Nf1 Bd5 31. Qc3 Qb1 32. Qxf6 Qxd3 33. Ra1 Re6 34. Qd8+ Kg7 35. Ne3 Bxb3 36. Qxd3 1-0

[Event "Gran Canaria-ch U16"]
[Site "Gran Canaria"]
[Date "2017.03.05"]
[Round "4.1"]
[White "Hernandez Guerra, Luna Yue"]
[Black "Rivero Pena, Gara del Pino"]
[Result "0-1"]
[WhiteElo "1531"]
[BlackElo "1515"]
[PlyCount "118"]
[EventDate "2017.03.03"]
[EventType "swiss"]
[EventRounds "5"]
[EventCountry "ESP"]
[SourceTitle "EXT 2024"]
[Source "ChessBase"]
[SourceDate "2023.10.10"]
[SourceVersion "1"]
[SourceVersionDate "2023.10.10"]
[SourceQuality "1"]

1. e4 c6 2. d4 d5 3. exd5 cxd5 4. c4 e6 5. Nc3 Nf6 6. Nf3 Nc6 7. cxd5 Nxd5 8. Bd3 Be7 9. 0-0 0-0 10. a3 b6 11. Re1 Bb7 12. Bc2 Nf6 13. Qd3 h6 14. Bf4 Rc8 15. Rad1 Bd6 16. Ne5 Bxe5 17. dxe5 Qxd3 18. Rxd3 Ne8 19. Red1 Nc7 20. Rg3 Kh8 21. Ne4 Nd5 22. Bd2 Nxe5 23. Nc3 Nc4 24. Nxd5 Nxd2 25. Rxd2 Bxd5 26. h3 Rc7 27. Rgd3 Rfc8 28. Bb3 Bxb3 29. Rxb3 Kg8 30. Rbd3 Kf8 31. Rd7 Ke8 32. Rxc7 Rxc7 33. Kf1 Ke7 34. Ke2 Rd7 35. Rc2 Kf6 36. Rc3 g5 37. g4 Kg6 38. Rf3 Rc7 39. Kd2 Rc5 40. b4 Rd5+ 41. Kc3 f5 42. Kc4 Re5 43. Kd4 Re4+ 44. Kd3 Re5 45. Kd4 Re4+ 46. Kd3 fxg4 47. hxg4 Rxg4 48. Ke3 h5 49. Rf8 Rc4 50. Kd3 Rc7 51. Kd4 h4 52. Ke5 Rh7 53. Kxe6 h3 54. Rg8+ Kh5 55. Kf5 Rf7+ 56. Ke6 Rxf2 57. Ke5 h2 58. Ke6 Kg4 59. Rh8 Kg3 0-1

[Event "Gran Canaria Dominguez Memorial 3rd"]
[Site "Gran Canaria"]
[Date "2016.06.03"]
[Round "6"]
[White "Garcia Almeida, Aitana Maria"]
[Black "Rivero Pena, Gara del Pino"]
[Result "0-1"]
[WhiteElo "1325"]
[BlackElo "1503"]
[PlyCount "32"]
[EventDate "2016.05.17"]
[EventType "swiss"]
[EventRounds "7"]
[EventCountry "ESP"]
[SourceTitle "CBM 172 Extra"]
[Source "ChessBase"]
[SourceDate "2016.06.21"]
[SourceVersion "1"]
[SourceVersionDate "2016.06.21"]
[SourceQuality "1"]

1. g3 e5 2. d4 exd4 3. Qxd4 Nc6 4. Qd3 d5 5. Bg2 Be6 6. Nf3 Nf6 7. 0-0 Be7 8. a3 0-0 9. b4 Qd7 10. Re1 Rad8 11. Bb2 Rfe8 12. Nc3 Bf5 13. Qd2 Ne4 14. Qd1 Bf6 15. Qd3 Nxc3 16. Bxc3 Bxd3 0-1

[Event "Gran Canaria Dominguez Memorial 3rd"]
[Site "Gran Canaria"]
[Date "2016.05.19"]
[Round "2"]
[White "Guerrero Orihuela, Jose Luis"]
[Black "Rivero Pena, Gara del Pino"]
[Result "1-0"]
[WhiteElo "1757"]
[BlackElo "1503"]
[PlyCount "105"]
[EventDate "2016.05.17"]
[EventType "swiss"]
[EventRounds "7"]
[EventCountry "ESP"]
[SourceTitle "CBM 172 Extra"]
[Source "ChessBase"]
[SourceDate "2016.06.21"]
[SourceVersion "1"]
[SourceVersionDate "2016.06.21"]
[SourceQuality "1"]

1. d4 e6 2. c4 f5 3. Nc3 Nf6 4. Nf3 c6 5. g3 d5 6. Bg2 Bd6 7. 0-0 0-0 8. Qc2 Qe8 9. c5 Bc7 10. b4 Nbd7 11. e3 Ne4 12. Bb2 Qh5 13. Ne2 Ng5 14. Nxg5 Qxg5 15. Nf4 Qe7 16. Nd3 Nf6 17. Rae1 Bd7 18. f3 Be8 19. Nf2 Bg6 20. e4 fxe4 21. fxe4 Qd7 22. Qe2 Qe8 23. e5 Nd7 24. Nh3 b6 25. Nf4 a5 26. a3 Nb8 27. Bh3 Bf5 28. Bxf5 Rxf5 29. Qg4 g6 30. Re2 Nd7 31. Ref2 Nf8 32. Nd3 Rxf2 33. Rxf2 Nd7 34. Bc1 axb4 35. axb4 bxc5 36. bxc5 Ba5 37. Ra2 Kf7 38. Rf2+ Kg8 39. Nf4 Nf8 40. Nh5 Nd7 41. Nf6+ Nxf6 42. Rxf6 Bc3 43. Kg2 Ra2+ 44. Kh3 Kg7 45. Rxe6 Qf8 46. Bh6+ Kxh6 47. Qh4+ Kg7 48. Re7+ Qxe7 49. Qxe7+ Kh6 50. Qf8+ Kg5 51. Qf6+ Kh6 52. Qf8+ Kg5 53. Qf4+ 1-0

[Event "Gran Canaria Galdos op 1st"]
[Site "Gran Canaria"]
[Date "2016.05.04"]
[Round "5"]
[White "Rivero Pena, Gara del Pino"]
[Black "Camino Carrio, Nicanor"]
[Result "0-1"]
[WhiteElo "1489"]
[BlackElo "1944"]
[PlyCount "52"]
[EventDate "2016.04.26"]
[EventType "swiss"]
[EventRounds "6"]
[EventCountry "ESP"]
[SourceTitle "CBM 172 Extra"]
[Source "ChessBase"]
[SourceDate "2016.06.21"]
[SourceVersion "1"]
[SourceVersionDate "2016.06.21"]
[SourceQuality "1"]

1. e4 c5 2. Nf3 d6 3. Bb5+ Bd7 4. Bxd7+ Qxd7 5. Nc3 Nc6 6. d4 cxd4 7. Nxd4 g6 8. Be3 Bg7 9. 0-0 Nf6 10. h3 0-0 11. Qd2 Ne5 12. b3 Rac8 13. Rfe1 a6 14. f4 Nc6 15. Bf2 Nxd4 16. Bxd4 e5 17. Be3 Qc6 18. Nd5 Nxd5 19. Qxd5 Qxd5 20. exd5 exf4 21. Bxf4 Bxa1 22. Rxa1 Rxc2 23. Rd1 Rfc8 24. Bxd6 Rc1 25. Rxc1 Rxc1+ 26. Kh2 Rd1 0-1

[Event "Gran Canaria Galdos op 1st"]
[Site "Gran Canaria"]
[Date "2016.04.27"]
[Round "2"]
[White "Rivero Pena, Gara del Pino"]
[Black "Medina Martin, Alberto"]
[Result "0-1"]
[WhiteElo "1489"]
[BlackElo "1533"]
[PlyCount "102"]
[EventDate "2016.04.26"]
[EventType "swiss"]
[EventRounds "6"]
[EventCountry "ESP"]
[SourceTitle "CBM 172 Extra"]
[Source "ChessBase"]
[SourceDate "2016.06.21"]
[SourceVersion "1"]
[SourceVersionDate "2016.06.21"]
[SourceQuality "1"]

1. e4 e6 2. d4 d5 3. Nc3 dxe4 4. Nxe4 Bd7 5. Nf3 Bc6 6. Bd3 Nd7 7. 0-0 Ngf6 8. Nxf6+ Nxf6 9. c3 Be7 10. Ne5 Qd5 11. Nxc6 Qxc6 12. Re1 0-0 13. Bf4 Rfd8 14. Qc2 Rac8 15. Be5 h6 16. Rad1 Qb6 17. Qe2 Nd7 18. Bg3 Nf6 19. Be5 Ne8 20. Qe4 g6 21. Re2 Bd6 22. Bxd6 cxd6 23. Qf4 Kg7 24. Bb1 Nf6 25. h3 Qa6 26. Rde1 b5 27. a3 Qb6 28. Ba2 d5 29. Bb1 a5 30. Re3 Qc7 31. Qxc7 Rxc7 32. Bd3 Rb8 33. Bb1 Ne8 34. Ba2 Nd6 35. f3 Nc4 36. Bxc4 bxc4 37. Rb1 Rcb7 38. Re2 Rb3 39. a4 Rxc3 40. bxc3 Rxb1+ 41. Kf2 Ra1 42. Rb2 Rxa4 43. Ke2 Ra3 44. Kd2 a4 45. Kc2 Rb3 46. Ra2 a3 47. g3 Kf6 48. Kd2 Kf5 49. Kc2 h5 50. h4 g5 51. hxg5 Kxg5 0-1

[Event "Gran Canaria Galdos op 1st"]
[Site "Gran Canaria"]
[Date "2016.04.26"]
[Round "1"]
[White "Pujales Llanos, Jose Manuel"]
[Black "Rivero Pena, Gara del Pino"]
[Result "1/2-1/2"]
[WhiteElo "1902"]
[BlackElo "1489"]
[PlyCount "81"]
[EventDate "2016.04.26"]
[EventType "swiss"]
[EventRounds "6"]
[EventCountry "ESP"]
[SourceTitle "CBM 172 Extra"]
[Source "ChessBase"]
[SourceDate "2016.06.21"]
[SourceVersion "1"]
[SourceVersionDate "2016.06.21"]
[SourceQuality "1"]

1. Nf3 d5 2. c4 e6 3. g3 f5 4. Bg2 Nf6 5. cxd5 exd5 6. 0-0 Bd6 7. b3 Qe7 8. Bb2 0-0 9. d3 Nc6 10. Nbd2 Bd7 11. a3 Rae8 12. Qc2 Qf7 13. Rae1 Qh5 14. e4 fxe4 15. dxe4 dxe4 16. Bxf6 Rxf6 17. Rxe4 Rxe4 18. Qxe4 Bxa3 19. Nc4 Bc5 20. h4 Qf5 21. Qxf5 Bxf5 22. Nfe5 Nxe5 23. Nxe5 c6 24. g4 Be6 25. Be4 Rf4 26. Bf3 Bd6 27. Re1 Bxe5 28. Rxe5 Bxg4 29. Be4 Bf3 30. Bd3 Bd5 31. h5 Bxb3 32. Re7 Rf7 33. Re8+ Rf8 34. Re7 Bd5 35. Rxb7 Rf3 36. Rb8+ Kf7 37. Bxh7 a6 38. Bg8+ Ke7 39. Rb7+ Kf8 40. Rb8+ Ke7 41. Rb7+ 1/2-1/2

[Event "Las Palmas Insular-chT Primera-A"]
[Site "Las Palmas"]
[Date "2016.03.05"]
[Round "13.1"]
[White "Pujales Llanos, Jose Manuel"]
[Black "Rivero Pena, Gara del Pino"]
[Result "1-0"]
[WhiteElo "1897"]
[BlackElo "1419"]
[PlyCount "69"]
[EventDate "2015.10.17"]
[EventType "team-tourn"]
[EventRounds "14"]
[EventCountry "ESP"]
[SourceTitle "EXT 2017"]
[Source "ChessBase"]
[SourceDate "2016.10.25"]
[SourceVersion "1"]
[SourceVersionDate "2016.10.25"]
[SourceQuality "1"]
[WhiteTeam "La Caja de Canarias III"]
[BlackTeam "Panaderia Pulido San Mateo II"]
[WhiteTeamCountry "ESP"]
[BlackTeamCountry "ESP"]

1. Nf3 d6 2. d4 Nf6 3. c4 g6 4. b3 Bg7 5. Bb2 0-0 6. g3 Bg4 7. Bg2 Nbd7 8. 0-0 Re8 9. Nc3 c6 10. Qc2 e5 11. dxe5 dxe5 12. e4 Qc7 13. h3 Be6 14. Rad1 Rad8 15. Ba3 Qc8 16. Kh2 Bf8 17. Bxf8 Kxf8 18. Rd6 Qc7 19. Rfd1 Ke7 20. Qd2 Ng8 21. g4 Ngf6 22. Bf1 Bd5 23. Rxf6 Nxf6 24. cxd5 cxd5 25. Nb5 Qc5 26. Rc1 Qb6 27. Qb4+ Rd6 28. Qxd6+ Qxd6 29. Nxd6 Kxd6 30. exd5 Nxd5 31. Bc4 Nb4 32. Ng5 f6 33. Ne4+ Ke7 34. a3 Nc6 35. Bb5 1-0

[Event "Canarias-ch U14"]
[Site "San Bartolome de Tirajana"]
[Date "2015.04.11"]
[Round "6"]
[White "Perez Perez, Gabriel"]
[Black "Rivero Pena, Gara del Pino"]
[Result "1/2-1/2"]
[WhiteElo "1575"]
[BlackElo "1341"]
[PlyCount "151"]
[EventDate "2015.04.10"]
[EventType "swiss"]
[EventRounds "7"]
[EventCountry "ESP"]
[SourceTitle "EXT 2024"]
[Source "ChessBase"]
[SourceDate "2023.10.10"]
[SourceVersion "1"]
[SourceVersionDate "2023.10.10"]
[SourceQuality "1"]

1. e4 c6 2. d4 d5 3. e5 Bf5 4. g4 Bg6 5. h4 h6 6. h5 Bh7 7. Nh3 e6 8. Bg2 Qb6 9. 0-0 c5 10. c3 Nc6 11. dxc5 Bxc5 12. b4 Be7 13. Be3 Qc7 14. f4 Bd8 15. Na3 a6 16. Bc5 Be7 17. Be3 f6 18. Nc2 fxe5 19. g5 Bf5 20. a4 exf4 21. Bxf4 Bd6 22. Bxd6 Qxd6 23. b5 Ne5 24. Nd4 Ne7 25. bxa6 bxa6 26. g6 Rf8 27. Nf4 Nc4 28. Qe2 Kd7 29. Nd3 e5 30. Nxf5 Nxf5 31. Rxf5 Rxf5 32. Bh3 Raf8 33. Rf1 Qb6+ 34. Kh1 Ne3 35. Rf3 e4 36. Rxe3 exd3 37. Qxd3 Kd6 38. Bxf5 Rxf5 39. Qxf5 Qxe3 40. Qf8+ Qe7 41. Qb8+ Qc7 42. Qf8+ Qe7 43. Qf4+ Qe5 44. Qb4+ Kd7 45. Qb7+ Qc7 46. Qxd5+ Qd6 47. Qxd6+ Kxd6 48. Kg2 Kc5 49. Kf3 Kc4 50. Ke4 Kxc3 51. Ke5 Kb4 52. a5 Kxa5 53. Ke6 Kb6 54. Kf7 a5 55. Kxg7 a4 56. Kxh6 a3 57. g7 a2 58. g8Q a1Q 59. Qb8+ Kc5 60. Qc7+ Kd5 61. Qf7+ Kc5 62. Qf5+ Kc6 63. Qg6+ Kc5 64. Kh7 Qa7+ 65. Kh6 Qa1 66. Qf5+ Kc6 67. Kg5 Qg1+ 68. Kf6 Qa1+ 69. Kf7 Qa7+ 70. Kg6 Qg1+ 71. Kf7 Qa7+ 72. Ke6 Qd7+ 73. Kf6 Qd8+ 74. Ke5 Qd5+ 75. Kf4 Qd2+ 76. Kg4 1/2-1/2